| 000 | 00566nam a22001697a 4500 | ||
|---|---|---|---|
| 999 |
_c24320 _d24320 |
||
| 003 | BDDh-ASL | ||
| 005 | 20231015030342.0 | ||
| 008 | 210421s1941 ii ||||| |||| 00| 0 eng d | ||
| 040 |
_aBDDh-ASL _cBDDh-ASL |
||
| 082 |
_a363.8 _bBEF |
||
| 110 | 1 |
_93755 _aGovernment of Bengal Revenue Department |
|
| 245 | 0 | 0 |
_aFamine Manual / _cGovernment of Bengal Revenue Department. |
| 260 |
_aAlipore, Bengal: _bSuperintendent, Government Printing, Bengal Government Press, _c1941. |
||
| 300 |
_a72 p. : _c22 cm. |
||
| 650 | 0 |
_91205 _aFamine _xFamine Manual |
|
| 942 |
_2ddc _cBK |
||